[Event "Viljandi Raud Memorial 57th"]
[Site "Viljandi"]
[Date "2023.07.09"]
[Round "9"]
[White "Krivenko, Dion"]
[Black "Hansson, Markus"]
[Result "1-0"]
[WhiteElo "2250"]
[BlackElo "1818"]
[PlyCount "189"]
[EventDate "2023.07.02"]
[EventType "swiss"]
[EventRounds "9"]
[EventCountry "EST"]
[SourceTitle "CBM 215 Extra"]
[Source "ChessBase"]
[SourceDate "2023.09.30"]
[SourceVersion "1"]
[SourceVersionDate "2023.09.30"]
[SourceQuality "1"]

1. e4 e6 2. b3 d5 3. Bb2 Nc6 4. Bb5 Nge7 5. Qe2 d4 6. f4 a6 7. Bxc6+ Nxc6 8. d3 Bd6 9. e5 Bb4+ 10. Nd2 Ne7 11. a3 Ba5 12. b4 Bb6 13. Nc4 Ba7 14. Nf3 b5 15. Na5 Qd5 16. 0-0 Nf5 17. Rfe1 h5 18. Kh1 h4 19. Qe4 Ne3 20. Qxd5 exd5 21. Rac1 h3 22. g3 Bg4 23. Nxd4 Bxd4 24. Bxd4 Bf3+ 25. Kg1 Nf5 26. Bc5 Kd7 27. Nb3 Rag8 28. Nd4 Nxd4 29. Bxd4 Ke6 30. Kf2 Bg4 31. c4 dxc4 32. dxc4 Rd8 33. Ke3 Rd7 34. f5+ Kxf5 35. Rf1+ Kg6 36. cxb5 axb5 37. Ke4 Rhd8 38. Be3 Be2 39. Rc6+ Kh7 40. Rf4 Kg8 41. Rh4 Re8 42. Rc5 Bf1 43. Kf5 Bc4 44. Kf4 Bf1 45. Rc1 Bg2 46. Kf5 Re6 47. Rd4 Rde7 48. Rd8+ Kh7 49. Bf4 f6 50. exf6 Rxf6+ 51. Kg4 Rg6+ 52. Kh4 c6 53. Rc5 Bf3 54. Kxh3 Re2 55. Bg5 Bg2+ 56. Kh4 Bd5 57. h3 Re5 58. Bf4 Re4 59. Rdxd5 cxd5 60. Rxb5 d4 61. Rd5 Ra6 62. Kg4 Rxa3 63. Kf5 Re7 64. Rxd4 Rb3 65. h4 Kg8 66. Bd6 Ree3 67. Bf4 Re7 68. Rd8+ Kf7 69. Rb8 Rd7 70. Ke4 Ke6 71. Rb6+ Kf7 72. g4 Rbd3 73. Be5 Rd1 74. Bc3 Re7+ 75. Kf4 Rf1+ 76. Kg5 Rf3 77. Bd4 Rd3 78. Bc5 Red7 79. Rb8 Rd8 80. Rb7+ R8d7 81. Rb6 R7d5+ 82. Kf4 Rd1 83. Rb8 Rd8 84. Rxd8 Rxd8 85. Ke5 Rd2 86. b5 Ke8 87. Ke6 Rb2 88. b6 Rc2 89. Kd6 Kd8 90. b7 Rb2 91. Kc6 Ke8 92. Kc7 Kf7 93. Bb6 Rc2+ 94. Kd6 Rd2+ 95. Kc5 1-0

[Event "Viljandi Raud Memorial 57th"]
[Site "Viljandi"]
[Date "2023.07.06"]
[Round "6"]
[White "Povilaitis, Tomas"]
[Black "Hansson, Markus"]
[Result "1-0"]
[WhiteElo "2021"]
[BlackElo "1818"]
[PlyCount "51"]
[EventDate "2023.07.02"]
[EventType "swiss"]
[EventRounds "9"]
[EventCountry "EST"]
[SourceTitle "CBM 215 Extra"]
[Source "ChessBase"]
[SourceDate "2023.09.30"]
[SourceVersion "1"]
[SourceVersionDate "2023.09.30"]
[SourceQuality "1"]

1. e4 e6 2. d4 d5 3. Nc3 Bb4 4. Nge2 dxe4 5. a3 Bxc3+ 6. Nxc3 Nc6 7. Bb5 Nf6 8. Bg5 h6 9. Bh4 g5 10. Bxc6+ bxc6 11. Bg3 Rg8 12. Be5 Nd7 13. Qe2 Nxe5 14. dxe5 Qd4 15. Qxe4 Qxe4+ 16. Nxe4 Ke7 17. 0-0-0 a5 18. b3 Rb8 19. Nf6 Rh8 20. h4 Rb5 21. hxg5 Rxe5 22. f4 Rf5 23. Rxh6 Rxh6 24. Ng8+ Ke8 25. gxh6 Rxf4 26. Rh1 1-0

[Event "Viljandi Raud Memorial 57th"]
[Site "Viljandi"]
[Date "2023.07.03"]
[Round "2"]
[White "Jogi, Henry"]
[Black "Hansson, Markus"]
[Result "1/2-1/2"]
[WhiteElo "1275"]
[BlackElo "1818"]
[PlyCount "42"]
[EventDate "2023.07.02"]
[EventType "swiss"]
[EventRounds "9"]
[EventCountry "EST"]
[SourceTitle "CBM 215 Extra"]
[Source "ChessBase"]
[SourceDate "2023.09.30"]
[SourceVersion "1"]
[SourceVersionDate "2023.09.30"]
[SourceQuality "1"]

1. d4 d5 2. Nc3 e6 3. Bf4 Bb4 4. e3 Nf6 5. Nge2 Ne4 6. a3 Nxc3 7. Nxc3 Bxc3+ 8. bxc3 0-0 9. Bd3 c5 10. c4 Nc6 11. c3 Qa5 12. Qd2 cxd4 13. cxd4 dxc4 14. Bxc4 Qa4 15. Bd3 Re8 16. 0-0 e5 17. dxe5 Nxe5 18. Qc2 Qxc2 19. Bxc2 Bd7 20. Be4 Bc6 21. Bxc6 Nxc6 1/2-1/2

[Event "Viljandi Valgmae Memorial"]
[Site "Viljandi"]
[Date "2023.07.01"]
[Round "2"]
[White "Miezis, Normunds"]
[Black "Hansson, Markus"]
[Result "1/2-1/2"]
[WhiteElo "2420"]
[BlackElo "1825"]
[PlyCount "169"]
[EventDate "2023.07.01"]
[EventType "swiss (rapid)"]
[EventRounds "9"]
[EventCountry "EST"]
[SourceTitle "CBM 215 Extra"]
[Source "ChessBase"]
[SourceDate "2023.09.30"]
[SourceVersion "1"]
[SourceVersionDate "2023.09.30"]
[SourceQuality "1"]

1. c4 e5 2. Nc3 Nc6 3. g3 g6 4. Bg2 Bg7 5. e4 d6 6. Nge2 Nge7 7. d3 0-0 8. 0-0 f5 9. f3 Nd4 10. Nxd4 exd4 11. Nd5 c6 12. Nxe7+ Qxe7 13. exf5 Bxf5 14. Re1 Qd7 15. Bf4 Rae8 16. Qd2 d5 17. c5 Rxe1+ 18. Rxe1 Re8 19. Rxe8+ Qxe8 20. g4 Bd7 21. h3 Kf7 22. Bf1 Bf8 23. b4 a5 24. a3 axb4 25. Qxb4 b5 26. Qxd4 Bg7 27. Qb4 h5 28. Kg2 hxg4 29. hxg4 Qe7 30. d4 g5 31. Bg3 Qe3 32. Bf2 Qf4 33. Be2 Qc1 34. Qa5 Ke8 35. Qa8+ Ke7 36. Qg8 Bf6 37. Bg3 Be6 38. Bd6+ Kd7 39. Qh7+ Kd8 40. Qc7+ Ke8 41. Qxc6+ Kf7 42. Qb7+ Kg8 43. Qxb5 Bxd4 44. Qe8+ Kg7 45. Qe7+ Bf7 46. Be5+ Bxe5 47. Qxe5+ Kg8 48. Qd4 Qe1 49. Bf1 Qc1 50. a4 Qc2+ 51. Kg3 Qc1 52. Kf2 Qc2+ 53. Be2 Qc1 54. a5 Qh1 55. Qe5 Qc1 56. Qe3 Qa1 57. Qxg5+ Kf8 58. Qd8+ Kg7 59. Qg5+ Kf8 60. Qe3 Qxa5 61. c6 Qc7 62. Qc5+ Kg7 63. Qc3+ Kg8 64. Ke3 d4+ 65. Kxd4 Qd6+ 66. Ke3 Qh6+ 67. f4 Qh3+ 68. Bf3 Bd5 69. Kd4 Bxf3 70. c7 Qh8+ 71. Kd3 Be2+ 72. Kd2 Qxc3+ 73. Kxc3 Ba6 74. Kd4 Kf7 75. Ke5 Bc8 76. f5 Ke7 77. g5 Kf7 78. g6+ Kg7 79. Kd6 Bxf5 80. Ke5 Bc8 81. Kd6 Kxg6 82. Ke7 Ba6 83. Kd8 Bb7 84. c8Q Bxc8 85. Kxc8 1/2-1/2

[Event "Madrid Alcorcon op 1st"]
[Site "Madrid"]
[Date "2022.12.28"]
[Round "5"]
[White "Hansson, Markus"]
[Black "Darrazi Anbari, Munir"]
[Result "1-0"]
[WhiteElo "1764"]
[BlackElo "1534"]
[PlyCount "66"]
[EventDate "2022.12.26"]
[EventType "swiss"]
[EventRounds "9"]
[EventCountry "ESP"]
[SourceTitle "CBM 212 Extra"]
[Source "ChessBase"]
[SourceDate "2023.03.31"]
[SourceVersion "1"]
[SourceVersionDate "2023.03.31"]
[SourceQuality "1"]

1. c4 e5 2. Nc3 Nf6 3. g3 Nc6 4. Bg2 Bc5 5. e3 0-0 6. Nge2 d6 7. 0-0 Bb6 8. d4 Bf5 9. a3 a5 10. b3 Qc8 11. Bb2 exd4 12. Nxd4 Nxd4 13. exd4 Bh3 14. Na4 Bxg2 15. Kxg2 Qf5 16. Nxb6 cxb6 17. Qf3 Qxf3+ 18. Kxf3 d5 19. cxd5 Nxd5 20. Rfe1 Rfe8 21. Re5 Rad8 22. Rae1 Kf8 23. a4 f6 24. Ba3+ Kf7 25. Rxe8 Rxe8 26. Rxe8 Kxe8 27. Ke4 Nc3+ 28. Kd3 Nd1 29. f3 Kd7 30. Bc1 Nf2+ 31. Kc4 Kc6 32. d5+ Kc7 33. Bf4+ Kd7 1-0

[Event "Madrid Alcorcon op 1st"]
[Site "Madrid"]
[Date "2022.12.28"]
[Round "6"]
[White "Hansson, Markus"]
[Black "Rodriguez Melendez, Juan Humbert"]
[Result "0-1"]
[WhiteElo "1764"]
[BlackElo "2149"]
[PlyCount "32"]
[EventDate "2022.12.26"]
[EventType "swiss"]
[EventRounds "9"]
[EventCountry "ESP"]
[SourceTitle "CBM 212 Extra"]
[Source "ChessBase"]
[SourceDate "2023.03.31"]
[SourceVersion "1"]
[SourceVersionDate "2023.03.31"]
[SourceQuality "1"]

1. e4 c5 2. Nc3 e6 3. g3 d5 4. exd5 exd5 5. d4 cxd4 6. Qxd4 Nf6 7. Bg5 Nc6 8. Qe3+ Be6 9. Bxf6 Qxf6 10. Nxd5 Qxb2 11. Nc7+ Kd7 12. Nxa8 Qxa1+ 13. Ke2 Bc4+ 14. Kf3 Qxf1 15. Qf4 Qd1+ 16. Kg2 Bf1# 0-1

[Event "Madrid Alcorcon op 1st"]
[Site "Madrid"]
[Date "2022.12.27"]
[Round "3"]
[White "Perez de las Penas, Jorge Ivan"]
[Black "Hansson, Markus"]
[Result "0-1"]
[WhiteElo "1421"]
[BlackElo "1764"]
[PlyCount "42"]
[EventDate "2022.12.26"]
[EventType "swiss"]
[EventRounds "9"]
[EventCountry "ESP"]
[SourceTitle "CBM 212 Extra"]
[Source "ChessBase"]
[SourceDate "2023.03.31"]
[SourceVersion "1"]
[SourceVersionDate "2023.03.31"]
[SourceQuality "1"]

1. e4 e6 2. Nc3 d5 3. exd5 exd5 4. d4 Nf6 5. Bd3 c5 6. dxc5 Bxc5 7. Nf3 0-0 8. 0-0 h6 9. h3 Nc6 10. a3 Re8 11. Bf4 Be6 12. Ne2 Ne4 13. c3 Qf6 14. Nd2 Nxf2 15. Rxf2 Bxf2+ 16. Kxf2 g5 17. Kg3 gxf4+ 18. Nxf4 Qg5+ 19. Kf3 Ne5+ 20. Ke3 Nxd3 21. Kxd3 Bf5+ 0-1

[Event "Portuguese Honra"]
[Site "Lisbon"]
[Date "2022.12.18"]
[Round "4"]
[White "Santos, Isabel Pereira Dos"]
[Black "Hansson, Markus"]
[Result "1/2-1/2"]
[WhiteElo "1735"]
[BlackElo "1764"]
[PlyCount "156"]
[EventDate "2022.12.16"]
[EventType "tourn"]
[EventRounds "9"]
[EventCountry "POR"]
[SourceTitle "CBM 211 Extra"]
[Source "ChessBase"]
[SourceDate "2023.01.31"]
[SourceVersion "1"]
[SourceVersionDate "2023.01.31"]
[SourceQuality "1"]

1. d4 f5 2. c4 Nf6 3. Nc3 g6 4. Nf3 Bg7 5. e3 0-0 6. Bd3 d6 7. 0-0 Qe8 8. b3 e5 9. dxe5 dxe5 10. e4 c6 11. Ba3 Rf7 12. Qc2 f4 13. c5 Re7 14. h3 h6 15. Rad1 g5 16. Bc4+ Kh7 17. Rd3 Qh5 18. Rd8 Bxh3 19. gxh3 Qxf3 20. Kh2 g4 21. Rd3 g3+ 22. Kg1 gxf2+ 23. Rxf2 Qh5 24. Rdf3 Qg5+ 25. Rg2 Qh5 26. Qd3 Nbd7 27. Ne2 Kh8 28. b4 Nxe4 29. Qxe4 Nf6 30. Nxf4 Nxe4 31. Nxh5 Ng5 32. Re3 Rf8 33. Rgg3 e4 34. Nxg7 Rxg7 35. Bb2 Nxh3+ 36. Kh2 Rf2+ 37. Kxh3 Rxb2 38. Rxg7 Kxg7 39. Bb3 b6 40. cxb6 axb6 41. Rxe4 c5 42. bxc5 bxc5 43. Rc4 Kf6 44. Rxc5 Rb1 45. Rc6+ Ke5 46. Kg3 Rg1+ 47. Kh2 Rg7 48. Rxh6 Kd4 49. Rh3 Kc5 50. Rg3 Re7 51. Kg2 Kb4 52. Kf2 Re5 53. Re3 Rh5 54. Ke2 Rh8 55. Kd2 Rh2+ 56. Re2 Rh4 57. Kc2 Ka3 58. Be6 Rf4 59. Re3+ Kb4 60. a3+ Ka4 61. Bd7+ Ka5 62. Kb3 Rd4 63. Be8 Rd5 64. a4 Rg5 65. Re4 Rg3+ 66. Kc4 Rg5 67. Rd4 Rg1 68. Rd5+ Kb6 69. Rb5+ Ka6 70. Kc5 Rc1+ 71. Kd6 Rc4 72. Rc5 Rh4 73. Rh5 Rd4+ 74. Kc5 Rf4 75. Bb5+ Ka5 76. Rh8 Rf8 77. Rh6 Rf6 78. Rh1 Rf5+ 1/2-1/2

[Event "Portuguese Honra"]
[Site "Lisbon"]
[Date "2022.12.16"]
[Round "1"]
[White "Hansson, Markus"]
[Black "Santos, Julio Fernandes"]
[Result "1-0"]
[WhiteElo "1764"]
[BlackElo "1817"]
[PlyCount "95"]
[EventDate "2022.12.16"]
[EventType "tourn"]
[EventRounds "9"]
[EventCountry "POR"]
[SourceTitle "CBM 211 Extra"]
[Source "ChessBase"]
[SourceDate "2023.01.31"]
[SourceVersion "1"]
[SourceVersionDate "2023.01.31"]
[SourceQuality "1"]

1. e4 e5 2. Nf3 Nc6 3. Bc4 Be7 4. c3 d6 5. 0-0 Nf6 6. d3 h6 7. Re1 0-0 8. Nbd2 a6 9. b4 Be6 10. Bb3 Bxb3 11. Qxb3 Kh7 12. d4 Nd7 13. d5 Ncb8 14. Nf1 f5 15. exf5 Rxf5 16. Qc2 g6 17. Ng3 Rf7 18. Qd2 Qf8 19. c4 Nf6 20. c5 Nbd7 21. h4 Qg7 22. Qd3 e4 23. Nxe4 Nxe4 24. Qxe4 Qxa1 25. Bxh6 Qxe1+ 26. Qxe1 Kxh6 27. Qe6 Kg7 28. Qxd7 Bxh4 29. Qg4 Bf6 30. cxd6 cxd6 31. Qe6 Rd8 32. Qe3 Rc7 33. Nd4 Bxd4 34. Qxd4+ Kf7 35. Qh4 Rdd7 36. Qh7+ Kf6 37. Qh8+ Rg7 38. f4 Rcd7 39. Qf8+ Rgf7 40. Qh8+ Kf5 41. Qd4 Rfe7 42. Qd3+ Kxf4 43. Qxg6 Ke5 44. Qd3 Rc7 45. Kf2 Rf7+ 46. Ke3 Rf4 47. Qg6 Rf6 48. Qe4# 1-0

[Event "Viljandi Raud Memorial 56th"]
[Site "Viljandi"]
[Date "2022.07.03"]
[Round "1"]
[White "Hansson, Markus"]
[Black "Miezis, Normunds"]
[Result "0-1"]
[WhiteElo "1745"]
[BlackElo "2446"]
[PlyCount "58"]
[EventDate "2022.07.03"]
[EventType "swiss"]
[EventRounds "9"]
[EventCountry "EST"]
[SourceTitle "CBM 209 Extra"]
[Source "ChessBase"]
[SourceDate "2022.09.30"]
[SourceVersion "1"]
[SourceVersionDate "2022.09.30"]
[SourceQuality "1"]

1. c4 c5 2. Nc3 Nc6 3. g3 g6 4. Bg2 Bg7 5. e4 d6 6. Nge2 h5 7. h3 a6 8. d3 Bd7 9. 0-0 Rb8 10. a4 b6 11. Be3 Nd4 12. Ra2 Qc8 13. Kh2 Nf6 14. Nd5 Ng4+ 15. hxg4 hxg4+ 16. Kg1 Nf3+ 17. Bxf3 gxf3 18. Nef4 Bg4 19. a5 bxa5 20. Rxa5 Kf8 21. Re1 e6 22. d4 cxd4 23. Bxd4 e5 24. Nb6 Qd8 25. Bxe5 Bxe5 26. Rxe5 dxe5 27. Qxd8+ Rxd8 28. Nfd5 Kg7 29. Ne3 Rh5 0-1

[Event "EST-ch"]
[Site "Tallinn"]
[Date "2021.12.12"]
[Round "2"]
[White "Kull, Tormi"]
[Black "Hansson, Markus"]
[Result "1/2-1/2"]
[WhiteElo "1753"]
[BlackElo "1662"]
[PlyCount "36"]
[EventDate "2021.12.11"]
[EventType "tourn"]
[EventRounds "9"]
[EventCountry "EST"]
[SourceTitle "CBM 205 Extra"]
[Source "ChessBase"]
[SourceDate "2022.01.31"]
[SourceVersion "1"]
[SourceVersionDate "2022.01.31"]
[SourceQuality "1"]

1. e4 e6 2. d4 d5 3. exd5 exd5 4. Nc3 Bf5 5. Bf4 c6 6. Bd3 Bxd3 7. Qxd3 Bd6 8. Bg3 Ne7 9. Nf3 0-0 10. 0-0 Bxg3 11. hxg3 Ng6 12. Rae1 Nd7 13. g4 Qc7 14. g3 Rfe8 15. Kg2 Ndf8 16. Qd2 Qd7 17. Nh2 Rxe1 18. Rxe1 Re8 1/2-1/2

[Event "EU-ch Amateur Online 1400/1700"]
[Site "Tornelo INT"]
[Date "2021.04.17"]
[Round "7"]
[White "Trivella, Maria"]
[Black "Hansson, Markus"]
[Result "1-0"]
[WhiteElo "1141"]
[BlackElo "1650"]
[PlyCount "59"]
[EventDate "2021.04.17"]
[EventType "swiss (rapid)"]
[EventRounds "8"]
[EventCountry "NET"]
[SourceTitle "EXT 2023"]
[Source "ChessBase"]
[SourceDate "2022.10.05"]
[SourceVersion "1"]
[SourceVersionDate "2022.10.05"]
[SourceQuality "1"]

1. d4 Nf6 2. c4 g6 3. Nf3 Bg7 4. Bg5 0-0 5. Bxf6 Bxf6 6. e3 d5 7. c5 Nc6 8. Be2 e5 9. 0-0 exd4 10. exd4 Bf5 11. Nc3 Re8 12. Qa4 Be4 13. Rad1 Bg7 14. Qb3 Rb8 15. Qa4 h5 16. a3 Qf6 17. Rfe1 Bxf3 18. Bxf3 Rxe1+ 19. Rxe1 Nxd4 20. Re8+ Rxe8 21. Qxe8+ Kh7 22. Bxd5 c6 23. Bxf7 Qg5 24. g3 Nf3+ 25. Kg2 Nh4+ 26. Kf1 Bxc3 27. gxh4 Qc1+ 28. Kg2 Bg7 29. Bxg6+ Kh6 30. Bf5 1-0